Electrostática (Record no. 64194)

MARC details
000 -LEADER
campo de control de longitud fija 00762nam a2200205 i 4500
001 - NÚMERO DE CONTROL
campo de control 64194
003 - IDENTIFICADOR DE NÚMERO DE CONTROL
campo de control ES-MaACL
005 - FECHA Y HORA DE LA ÚLTIMA TRANSACCIÓN
campo de control 20230906165051.0
007 - CAMPO FIJO DE DESCRIPCIÓN FÍSICA--INFORMACIÓN GENERAL
campo de control de longitud fija t|
008 - DATOS DE LONGITUD FIJA--INFORMACIÓN GENERAL
campo de control de longitud fija 031222s1964 sp ||||1| spa d
100 1# - ENTRADA PRINCIPAL--NOMBRE DE PERSONA
Nombre de persona Fleury, Pierre.
9 (RLIN) 154055
245 10 - MENCIÓN DEL TÍTULO
Título Electrostática
Resto del título : corrientes continuas, magnetismo /
Mención de responsabilidad, etc. por P. Fleury... J.P. Mathieu... ;[traducida por José Maria Fernandez Arin].
260 ## - PUBLICACIÓN, DISTRIBUCIÓN, ETC.
Lugar de publicación, distribución, etc. Madrid :
Nombre del editor, distribuidor, etc. Paraninfo,
Fecha de publicación, distribución, etc. 1964.
300 ## - DESCRIPCIÓN FÍSICA
Extensión 629 p. :
Otras características físicas il. ;
Dimensiones 21 cm.
594 ## - Nota al título y mención de responsabilidad
Nota al título y mención de responsabilidad Precede al tít.: Física general y experimental según el tratado de J. Lemoine y A. Blanc.
650 #4 - PUNTO DE ACCESO ADICIONAL DE MATERIA--TÉRMINO DE MATERIA
Término de materia o nombre geográfico como elemento de entrada Electrostática.
9 (RLIN) 154058
700 1# - ENTRADA AGREGADA--NOMBRE PERSONAL
Nombre de persona Mathieu, Jean Paul.
9 (RLIN) 154057
700 0# - ENTRADA AGREGADA--NOMBRE PERSONAL
Nombre de persona Fernández Arin, José María.
9 (RLIN) 49479
852 ## - LOCALIZACIÓN
Ubicación ES-MaACL
Número de control de estantería C-26008
Sublocalización o colección R.54965
Holdings
Estatus retirado Estado de pérdida Estado de daño No para préstamo Biblioteca de origen Biblioteca actual Ubicación en estantería Fecha de adquisición Fuente de adquisición Total de préstamos Signatura topográfica completa Código de barras Visto por última vez Precio de reemplazo Tipo de ítem Koha
        Biblioteca del Ateneo de Madrid Biblioteca del Ateneo de Madrid Depósito 2 17/01/2008     C-26008 1067272 23/02/2023 23/02/2023 Libro impreso